1891 1559 1167 1437 1780 1577 1702 2000 1133 1402 1261 1505 1686 1212 1307 1440 1390 1081 1251 1595 1704 1689 1085 1334 1882 1702 1676 1881 1637 1273 1815 1141 1712 1763 1741 1995 1528 1849 1373 1833 1920 1399 1741 1957 1371 1321 1944 1391 1685 1618 1511 1870 1297 1653 1902 1925 1019 1417 1602 1138 1605 1159 1923 1203 1704 1033 1434 1253 1621 1401 1391 1344 1649 1171 1136 1224 1770 1289 1935 1301 1313 1854 1237 1479 1013 1380 1204 1816 1487 1103 1297 1365 1712 1760 1146 1283 1395 1207 1244 BCNSPRNW ULIB Ver.6.0+V

เปลี่ยนเป็นภาษาไทย

Change to English
 แสดงรายละเอียดบรรณานุกรม
  กลับหน้าหลัก

Brief Record : Get Marc (ISO 2709) : E-mail record : QR code < ปิดหน้าต่าง
LEADER : 00000nam 2200000uu 4500
001    13399112868
003     ULIB
008    110914s2554||||th 000 0 tha d
020    9786165001014
090    นว.^bณ429จ 2554
100 0  ณารา
245 00 เจ้านาง/^cณารา
250    พิมพ์ครั้งที่ 4
260    กรุงเทพฯ :^bพิมพ์คำ,^c2554
300    532 หน้า
945    ^p230^l0^i030501
995    เกษร
999 ^a ใช้งานได้ทุกระบบ
รายการนี้ยังไม่มีแท็ก
คุณยังไม่ได้ล็อกอิน คุณสามารถมีกิจกรรมร่วมกับเว็บไซต์ได้ แต่ต้องล็อกอินก่อน ::
  ล็อกอิน

รายการสื่อสารสนเทศ

ลำดับที่ ประเภท เลขเรียก/บาร์โค้ด สถานที่ สถานะ
1. นวนิยาย
นวนิยาย
นว. ณ429จ 2554  
  Barcode: 030501
ห้องสมุดวิทยาเขตสวรรค์ประชารักษ์
►นวนิยาย
บนชั้น
  ขอยืม

รายการใกล้เคียง
    ผู้แต่ง [ณารา]

BibComment


ยังไม่เคยถูกคอมเมนท์

คอมเมนท์ทรัพยากรรายการนี้
  คอมเมนท์: เจ้านาง ณารา


 Copyright 2026. Bcnsprnw @Library